banner-ar

INTRODUCTION TO HEAT TRANSEFER / (Record no. 16579)

MARC details
000 -الفاتح
حقل البيانات ثابتة الطول 00501nam a2200193Ia 4500
008 - عناصر البيانات ثابتة الطول - معلومات عامة
حقل البيانات ثابتة الطول 140319s9999 xx 000 0 eng d
040 ## - مصدر الفهرسة
وكالة الفهرسة الأصلية GCL /
وكالة النسخ GCL
082 04 - رقم تصنيف ديوى العشرى
رقم التصنيف 621.4022
رقم المادة I I
100 1# - المدخل الرئيسى - إسم شخصى
الإسم الشخصى INCROPERA, FRANK P.
245 10 - بيان العنوان
العنوان INTRODUCTION TO HEAT TRANSEFER /
بيان المسئوليه,etc INCROPERA, FRANK P.
700 1# - المدخل الاضافى - اسم شخصى
الإسم الشخصى DE WITT, DAVID P.
260 ## - PUBLICATION, DISTRIBUTION, ETC. (IMPRINT)
تاريخ النشر أو التوزيع 1990
300 ## - الوصف المادى
التعداد 850 P
650 04 - المدخل الاضافى بالموضوع-مصطلح موضوعى
مصطلح موضوعي SCIENCE
650 04 - المدخل الاضافى بالموضوع-مصطلح موضوعى
مصطلح موضوعي HEAT
650 04 - المدخل الاضافى بالموضوع-مصطلح موضوعى
مصطلح موضوعي HEAT TRANSFER
942 ## - عناصر المدخل الإضافي( كوها)
مصدر التصنيف او مخطط الترفيف Dewey Decimal Classification
Koha [default] item type كتاب
260 ## - PUBLICATION, DISTRIBUTION, ETC. (IMPRINT)
-- [S.N] :
-- ABT AKVERT SKIRA S.A ،
Holdings
حالة التراجع حالة الفقد حالة تلف ليس للاعارة المكان المؤقت الموقع الحالى تاريخ الاكتساب اجمالي اﻻعارات رقم الطلب الباركود تاريخ اخر مشاهدة تاريخ تفعيل السعر نوع وعاء كوها
        مكتبة القاهرة الكبرى مكتبة القاهرة الكبرى 03/26/2014   621.4022\ I I 30069 03/26/2014 03/26/2014 كتاب
        مكتبة القاهرة الكبرى مكتبة القاهرة الكبرى 03/26/2014   621.4022\ I I 30070 03/26/2014 03/26/2014 كتاب

Powered By

EGPV